000 00469nam a2200145 4500
999 _c10512
_d10512
008 180904b ||||| |||| 00| 0 eng d
022 _a2094-8042
082 _aDPer 370.105 M72 Jan-Dec 2011 v59-60
100 _930846
_aLaguardia, Dominiciana
245 _aTayo'y magtanim ng mga puno/
_cDominiciana Laguardia.
260 _aPhilippines:
_bIn the Grade School, Inc.,
_cc2011.
300 _av60 n2, page 80;
_c27cm.
650 0 _930847
_aPoetry.
942 _2ddc
_cPER